Strategic management for tourism, hospitality and events / (Record no. 31685)
[ view plain ]
| 000 -LEADER | |
|---|---|
| fixed length control field | 02982cam a2200289 i 4500 |
| 001 - CONTROL NUMBER | |
| control field | 18276839 |
| 005 - DATE AND TIME OF LATEST TRANSACTION | |
| control field | 20230717113315.0 |
| 008 - FIXED-LENGTH DATA ELEMENTS--GENERAL INFORMATION | |
| fixed length control field | 140822s2015 enk b 001 0 eng |
| 010 ## - LIBRARY OF CONGRESS CONTROL NUMBER | |
| LC control number | 2014020183 |
| 020 ## - INTERNATIONAL STANDARD BOOK NUMBER | |
| International Standard Book Number | 9780415837279 |
| 040 ## - CATALOGING SOURCE | |
| Original cataloging agency | DLC |
| Language of cataloging | eng |
| Transcribing agency | DLC |
| Description conventions | rda |
| Modifying agency | DLC |
| 042 ## - AUTHENTICATION CODE | |
| Authentication code | pcc |
| 050 00 - LIBRARY OF CONGRESS CALL NUMBER | |
| Classification number | G 155.A1 .E927 2015 |
| 082 00 - DEWEY DECIMAL CLASSIFICATION NUMBER | |
| Classification number | 910.68/4 |
| Edition number | 23 |
| 100 1# - MAIN ENTRY--PERSONAL NAME | |
| Personal name | Evans, Nigel, |
| Dates associated with a name | 1955- |
| 245 10 - TITLE STATEMENT | |
| Title | Strategic management for tourism, hospitality and events / |
| Statement of responsibility, etc. | Nigel Evans. |
| 250 ## - EDITION STATEMENT | |
| Edition statement | Second edition. |
| 300 ## - PHYSICAL DESCRIPTION | |
| Extent | xx, 708 pages ; |
| Dimensions | 25 cm |
| 504 ## - BIBLIOGRAPHY, ETC. NOTE | |
| Bibliography, etc | Includes bibliographical references and indexes. |
| 505 0# - FORMATTED CONTENTS NOTE | |
| Formatted contents note | Part 1. Strategy and the tourism, hospitality and events' contexts. Introduction -- Strategy and strategic objectives for tourism, hospitality and event organisations -- Introduction to strategy for travel, tourism and hospitality -- Part 2. Analysing the internal environment. Introduction -- Tourism, hospitality and event organisations : the operational context: competencies, resources and competitive advantage -- Tourism, hospitality and event organisations : the human resources context -- Tourism, hospitality and event organisations : the financial context -- Tourism, hospitality and event organisations : the products and markets context -- Part 3. Analysing the external environment. Introduction -- The external environment for travel, tourism and hospitality organisations : the macro context -- The external environment for travel, tourism and hospitality organisations : the micro context -- SWOT analysis -- Part 4. Strategic Selection. Introduction -- Competitive strategy and strategic direction for tourism hospitality and event organisations -- Strategic methods of development for travel, tourism and hospitality -- Strategic evaluation and selection -- Part 5. Strategic implementation and strategy in theory and practice. Introduction -- Strategic implementation for tourism, hospitality and events -- International and global strategies for tourism, hospitality and events -- Strategy and the tourism, hospitality and events, theory and practice -- Part 5. Case analysis for tourism, hospitality and events: Case analysis. Case 1. Strategic alliances in the airline industry -- Case 2. Tourism Queensland: strategic positioning and promotion -- Case 3. Ryanair: evolution of competitive strategy -- Case 4. Hyatt hotels: a family firm goes for growth -- Case 5. Days Inn: franchising hospitality assets in China -- Case 6. Reed Exhibitions, the world's leading events organizer -- Case 7. Thomas Cook: turnaround for an historic travel brand. |
| 650 #0 - SUBJECT ADDED ENTRY--TOPICAL TERM | |
| Topical term or geographic name as entry element | Tourism |
| General subdivision | Management. |
| 650 #0 - SUBJECT ADDED ENTRY--TOPICAL TERM | |
| Topical term or geographic name as entry element | Hospitality industry |
| General subdivision | Management. |
| 650 #0 - SUBJECT ADDED ENTRY--TOPICAL TERM | |
| Topical term or geographic name as entry element | Strategic planning. |
| 906 ## - LOCAL DATA ELEMENT F, LDF (RLIN) | |
| a | 7 |
| b | cbc |
| c | orignew |
| d | 1 |
| e | ecip |
| f | 20 |
| g | y-gencatlg |
| 942 ## - ADDED ENTRY ELEMENTS (KOHA) | |
| Source of classification or shelving scheme | |
| Koha item type | Hard Covered Materials |
| Classification part | G 155.A1 .E927 2015 |
| Withdrawn status | Lost status | Source of classification or shelving scheme | Damaged status | Not for loan | Home library | Current library | Shelving location | Date acquired | Source of acquisition | Total Checkouts | Full call number | Barcode | Date last seen | Price effective from | Koha item type |
|---|---|---|---|---|---|---|---|---|---|---|---|---|---|---|---|
| MACHAKOS UNIVERSITY LIBRARY | MACHAKOS UNIVERSITY LIBRARY | Open shelf | 17/07/2023 | Donation (falcon books) | G 155.A1 .E927 2015 | 39463 | 03/07/2023 | 17/07/2023 | Hard Covered Materials |